Interdisciplinary approach to measurement of well-being

Rozličné aspekty ekonomiky šťastia. HDP sa nejaví ako adekvátny indikátor na meranie blahobytu spoločnosti ako celku. Interdisciplinárny prístup k meraniu blahobytu.

Saved in:
Bibliographic Details
Main Author: Muchová, Eva, 1961-
Other Authors: Terek, Milan
Format: Book Chapter
Language:English
Subjects:
Tags: Add Tag
No Tags, Be the first to tag this record!

MARC

LEADER 00000naa$a2200000$$$4500
001 0173821
005 20240502083414.7
041 0 |a eng 
044 |a MK 
245 1 0 |a Interdisciplinary approach to measurement of well-being  |c Eva Muchová, Milan Terek 
520 |a Rozličné aspekty ekonomiky šťastia. HDP sa nejaví ako adekvátny indikátor na meranie blahobytu spoločnosti ako celku. Interdisciplinárny prístup k meraniu blahobytu. 
610 2 0 |a blahobyt 
610 2 0 |a meranie 
100 1 |a Muchová, Eva, 1961- 
700 1 |a Terek, Milan